000 00310nam a2200133 i 4500
001 bg
245 0 _aTeorija funkcij, funkcjonolnyj analiz ich prilożenijo.
250 _aVyp.25.
260 _aChaikov,
_c1976.
040 _cBPK
041 _apol
942 _cKS
008 s pl f |000 0 pol
999 _c17010
_d17010
856 _uhttp://koha.tu.koszalin.pl/cgi-bin/koha/opac-detail.pl?biblionumber=17010
_yKatalog online BPK